000
00189 a2200097 4500
001
11342
100
_a
Mansfield, P.
245
_a
Arabs
260
_a
_b
Allen Lane
_c
090
_c
8891
_d
8891
942
_a
NUST-CAE
_c
M
_c
35701
999
_c
246415
_d
246415